Library Banner

Social research methods (Record no. 77015)

MARC details
000 -LEADER
fixed length control field 00424nam a22001577a 4500
005 - DATE AND TIME OF LATEST TRANSACTION
control field 20151006111300.0
008 - FIXED-LENGTH DATA ELEMENTS--GENERAL INFORMATION
fixed length control field 151006b xxu||||| |||| 00| 0 eng d
040 ## - CATALOGING SOURCE
Transcribing agency PK-LaUMT
082 ## - DEWEY DECIMAL CLASSIFICATION NUMBER
Classification number KHC 301.072
Item number NEU-S
100 ## - MAIN ENTRY--PERSONAL NAME
Personal name Neuman, W.Lawrence
245 ## - TITLE STATEMENT
Title Social research methods
Remainder of title qualitative and quantitative approaches
Statement of responsibility, etc W.Lawrence Neuman
250 ## - EDITION STATEMENT
Edition statement 3rd
260 ## - PUBLICATION, DISTRIBUTION, ETC. (IMPRINT)
Place of publication, distribution, etc [ ]
Name of publisher, distributor, etc [ ]
Date of publication, distribution, etc [ ]
300 ## - PHYSICAL DESCRIPTION
Extent 560 p.
942 ## - ADDED ENTRY ELEMENTS (KOHA)
Koha item type Books
Holdings
Withdrawn status Lost status Damaged status Home library Current library Date acquired Full call number Barcode Date last seen Price effective from Koha item type
      UMT Main Campus UMT Main Campus 2015-10-06 KHC 301.072 NEU-S 91885 2018-10-09 2015-10-06 Books